Hagrid's Pets Quiz Stats

 Plays Quiz not verified by Sporcle

Score 0/5 Timer 05:00
0 Plays Today
Animal Name % Correct
DogFang
98.7%
SpiderAragog
92.3%
CerberusFluffy
91%
HippogriffBuckbeak
91%
DragonNorbert
89.7%

You're not logged in!

Compare scores with friends on all Sporcle quizzes.
OR
Log In

Show Comments

Extras

Top Quizzes Today


Score Distribution

Your Account Isn't Verified!

In order to create a playlist on Sporcle, you need to verify the email address you used during registration. Go to your Sporcle Settings to finish the process.

Report this User

Report this user for behavior that violates our Community Guidelines.

Details: